000 00360nam a2200145Ia 4500
008 150301s2015 xx 000 0 und d
082 _a610
_bC15C
100 _aCHUGH, S.N.
245 _aCLINICAL METHODS IN MEDICINE SKILLS & PRACTICE
250 _a2ND
260 _bJAYPEE
_aDELHI
_c2015
300 _a564
650 _aGENERAL MEDICINE
942 _2ddc
_cBK
_029
999 _c6587
_d6587